Loading...
| Science - Biology | 0 | 7 | 2 | 0 | 60 | 51 | 89.14 | 0 | 3 |
| Mythology | 0 | 3 | 0 | 0 | 30 | 94 | 127.33 | 0 | 2 |
| History - Other History | 0 | 2 | 0 | 0 | 20 | 94 | 115.00 | 0 | 0 |
| Literature - American Literature | 0 | 1 | 0 | 0 | 10 | 39 | 39.00 | 0 | 0 |
| Literature - British Literature | 0 | 1 | 0 | 0 | 10 | 149 | 149.00 | 0 | 0 |
| Religion | 0 | 1 | 0 | 0 | 10 | 163 | 163.00 | 0 | 0 |
| Science - Other Science | 0 | 1 | 0 | 0 | 10 | 120 | 120.00 | 0 | 0 |
| Social Science | 0 | 1 | 0 | 0 | 10 | 135 | 135.00 | 0 | 0 |
| Geography | 0 | 1 | 0 | 1 | 10 | 125 | 125.00 | 0 | 0 |
| History - European History | 0 | 1 | 0 | 0 | 10 | 50 | 50.00 | 0 | 1 |
| Science - Physics | 0 | 0 | 1 | 0 | -5 | 0.00 | 0 | 0 | |
| Current Events | 0 | 0 | 1 | 0 | -5 | 0.00 | 0 | 0 |